Top 10 Länder mit dem grössten Männeranteil an der Bevölkerung - Statistiken

Allgemein
  • Dieses Quiz wurde 191 mal gespielt
  • Das Durchschnittsergebnis liegt bei 6 aus 10
Antwortstatistiken
Männer pro 100 Frauen Staat Kontinent % Korrekt
136,8 Saudi-Arabien Asien
94%
266,0 Katar Asien
91%
157,0 Oman Asien
86%
228,2 Vereinigte Arabische Emirate Asien
81%
163,8 Bahrain Asien
77%
156,1 Kuwait Asien
74%
112,5 Bhutan Asien
39%
136,3 Malediven Asien
29%
111,4 Seychellen Afrika
24%
112,0 Äquatorialguinea Afrika
14%
Keine übereinstimmenden Quizze gefunden
Verteilung der Resultate
Anzahl Personen mit jedem Resultat
Perzentil nach korrekt beantworteten Fragen
Ihre Resultats-Entwicklung
Sie haben dieses Quiz noch nicht gespielt